000 00984nam a2200289Ia 4500
999 _c55467
_d55467
001 22549
003 GE_BSU
005 20230328171642.0
008 181216s2009||||fr |||||||||||||| ||fre||
020 _a9782090352580
040 _cGE_BSU
041 _afre
080 _a811.133.1 D-37
245 _aDelf Junior Scolaire B2 : 200 Activites /
_cAlain Rausch, Corinne Kober-Kleiner, Elettra Mineni, Mariella Rainoldi ; Edition Odile Tanoh Benon ; Illustration Michel Backes.
264 _aParis :
_bCLE INTERNATIONAL,
_c2009.
300 _a160 p. :
_bill. ;
_c29 cm.
_e+1CD-Rom
541 _h84gel.
653 _aDelf Junior Scolaire B2
653 _aფრანგული ენა
700 _aRausch, Alain
_eby
_917281
700 _aKober-Kleiner, Corinne
_eby
_917301
700 _aMineni, Elettra
_eby
_917283
700 _aRainoldi, Mariella
_eby
_917284
700 _aBenon, Tanoh
_eEdition
_917302
700 _aBackes, Michel
_eIllustration
_917286
942 _cBK
_2udc